<?xml version="1.0" encoding="UTF-8"?>
<collection xmlns="http://www.loc.gov/MARC21/slim">
 <record>
  <leader>00941pamaa2200241   4500</leader>
  <controlfield tag="001">0000047683</controlfield>
  <controlfield tag="005">20130815090000.0</controlfield>
  <controlfield tag="008">100817                             eng  </controlfield>
  <datafield tag="020" ind1="0" ind2="0">
   <subfield code="a">9787506722995 </subfield>
  </datafield>
  <datafield tag="090" ind1="0" ind2="0">
   <subfield code="a">RS180.C5 </subfield>
   <subfield code="b">ZHE 2006</subfield>
  </datafield>
  <datafield tag="100" ind1="1" ind2="0">
   <subfield code="a">Zheng Kang </subfield>
  </datafield>
  <datafield tag="245" ind1="1" ind2="0">
   <subfield code="a">Chinese herbs Science = </subfield>
   <subfield code="l">Han Fang Yao Li Xue  </subfield>
   <subfield code="c">Mu Chun Zheng Kang; </subfield>
   <subfield code="f">edited by Song Yuhong; </subfield>
   <subfield code="f">edited by Song Yuhong; </subfield>
   <subfield code="f">Compiled by Gao Mu Jing Ci Lang; </subfield>
   <subfield code="f">edited by Song Yuhong; </subfield>
   <subfield code="f">Compiled by Gao Mu Jing Ci Lang; </subfield>
   <subfield code="f">Illustrated by Chen Junji.</subfield>
  </datafield>
  <datafield tag="250" ind1="0" ind2="0">
   <subfield code="a">1st ed.</subfield>
  </datafield>
  <datafield tag="260" ind1="0" ind2="0">
   <subfield code="a">Beijing, China: </subfield>
   <subfield code="b">China Medical Science Publishing House, </subfield>
   <subfield code="c">2006.</subfield>
  </datafield>
  <datafield tag="300" ind1=" " ind2=" ">
   <subfield code="a">311: </subfield>
   <subfield code="b">ill.; </subfield>
   <subfield code="c">28 cm.</subfield>
  </datafield>
  <datafield tag="501" ind1="0" ind2="0">
   <subfield code="a">FMHS</subfield>
  </datafield>
  <datafield tag="650" ind1="0" ind2="0">
   <subfield code="a">Medicine, Chinese -- </subfield>
   <subfield code="x">Formulae, receipts, prescriptions </subfield>
  </datafield>
  <datafield tag="650" ind1="0" ind2="0">
   <subfield code="a">Medicine, Chinese Traditional </subfield>
  </datafield>
  <datafield tag="650" ind1="0" ind2="0">
   <subfield code="a">Medicine, Herbal </subfield>
  </datafield>
  <datafield tag="700" ind1="1" ind2="1">
   <subfield code="a">Yuhong, </subfield>
   <subfield code="h">Song </subfield>
  </datafield>
  <datafield tag="700" ind1="1" ind2="1">
   <subfield code="a">Jing Ci Lang, </subfield>
   <subfield code="h">Gao Mu </subfield>
  </datafield>
  <datafield tag="700" ind1="1" ind2="1">
   <subfield code="a">Junji, </subfield>
   <subfield code="h">Chen </subfield>
  </datafield>
  <datafield tag="901" ind1=" " ind2=" ">
   <subfield code="u">www.mpsky.com.cn</subfield>
  </datafield>
 </record>
</collection>
